Slovenská mena od svojho vzniku po dnešok

Pokračovanie príspevku o histórii samostatnej slovenskej meny. Roky 1994-2000. Ciele NBS v roku 1995. Ekonomická nerovnováha v roku 1996. Opatrenia NBS na obmedzenie domáceho dopytu v roku 1997. Menový vývoj v roku 1998. Znižovanie dynamiky rastu reálneho HDP v roku 1999. Makroekonomická stabilizá...

Celý popis

Uložené v:
Podrobná bibliografia
Hlavný autor: Pilch, Ctibor, 1957-
Médium: Kapitola
Jazyk:Slovak
Predmet:
Tagy: Pridať tag
Žiadne tagy, Buďte prvý, kto otaguje tento záznam!

MARC

LEADER 00000naa$a2200000$$$4500
001 0029212
005 20240502071433.1
041 0 |a slo 
044 |a SK 
245 1 0 |a Slovenská mena od svojho vzniku po dnešok  |c Ctibor Pilch 
520 |a Pokračovanie príspevku o histórii samostatnej slovenskej meny. Roky 1994-2000. Ciele NBS v roku 1995. Ekonomická nerovnováha v roku 1996. Opatrenia NBS na obmedzenie domáceho dopytu v roku 1997. Menový vývoj v roku 1998. Znižovanie dynamiky rastu reálneho HDP v roku 1999. Makroekonomická stabilizácia v roku 2000. 
610 2 0 |a vývoj menový 
610 2 0 |a Slovensko 
610 2 0 |a koruna 
610 2 0 |a banky 
610 2 0 |a sústava banková 
610 2 0 |a vývoj hospodársky 
610 2 0 |a politika fiškálna 
610 2 0 |a politika menová 
610 2 0 |a inflácia 
610 2 0 |a produkt domáci hrubý 
100 1 |a Pilch, Ctibor, 1957-